000 01774 a2200265 4500
001 20943
005 20260407155501.0
008 260407a2004 arg spa d
003 AR-UNSa-BCEJYS
040 _aAR-UNSa-BCEJYS
_bspa
_cAR-UNSa-BCEJYS
080 _a347.736
_xQuiebra. Insolvencia. Suspensión de pagos. Bancarrota, procedimientos. Derecho Concursal
245 1 0 _aConcursos y quiebras
_pcomentario exegético de la Ley 24.522. Jurisprudencia aplicable
020 _a950-508-652-0
250 _a8a. ed.
264 1 _aBuenos Aires :
_bAstrea
_c2004
300 _axlviii, 668 p.
_c23 cm.
505 _a1. Concurso preventivo.Requisitos - 2. Apertura - 3. Trámite hasta el acuerdo - 4. Propuesta, período de exclusividad y régimen del acuerdo preventivo - 5. Impugnación, homolagación, cumplimiento y nulidad del acuerdo - 6. Concursos en caso de agrupamiento - 7. Acuerdo preventivo extrajudicial -- 1. Quiebra.Declaración - 2. Efectos de la quiebra - 3. Extensión de la quiebra. Grupos ecónomicos. Responsabilidad de terceros - 4. Incautación, conservación y administración de los bienes - 5. Período informativo en la quiebra - 6. Liquidacion y distribución - 7. Conclusión de la quiebra - 8. Clausura del procedimiento - 9. Inhabilitación del fallido -- 1. Privilegios - 2. Funcionarios y empleados de los concursos - 3. Reglas procesales - 4. De los pequeños concursos y quiebras - 5. Disposiciones transitorias y complementarias
942 _cBK
590 _aniveau_biblio:m niveau_hierar:0
100 1 _aFassi, Santiago C.
700 1 _aGebhardt, Marcelo
650 _aLey 24.522
856 4 1 _uhttps://biblioeco.unsa.edu.ar/pmb/images/libros/Concursos y quiebras-l87987.jpg
_yImagen de portada
_qimage/jpeg
650 _a ley 24 522
999 _c759
_d759